02423 2201105 4500001002100000005001500021035002500036008004100061082001200102090002200114100003600136245008500172250001100257260003200268300002800300500003000328650003100358700001600389850001200405980001500417985000600432999001500438990001200453990001200465990001200477990001200489990001200501990001200513990001200525990001200537990001200549990001200561990001200573990001200585990001200597990001200609990001200621990001200633990001200645990001200657990001200669990001200681990001200693990001200705990001200717990001200729990001200741990001200753990001200765990001200777990001200789990001200801990001200813990001200825990001200837990001200849990001200861990001200873990001200885990001200897990001200909990001200921990001200933990001200945990001200957990001200969990001200981990001200993990001201005990001201017990001201029990001201041990001201053990001201065990001201077990001201089990001201101990001201113990001201125990001201137990001201149990001201161990001201173990001201185990001201197990001201209990001201221990001201233990001201245990001201257990001201269990001201281990001201293990001201305YOGYA-0209000006473620190227120107 a0010-020900000064736 ind  a899.221 a899.221bPak PlT aPAKU BUWANA IV, Kangjeng Sultan aPanji Raras /cK.S. Paku Buwana IV ; alih aksara dan ringkasan oleh, A. hendrato aCet. 1 aJakarta :bDepdikbud,c1978 a...jil :bilus ;c21 cm aYang diterima : Jil. 1, 2 aKesasteraan Jawa - Tembang ahendrato, A aYOPDDIY a19-08-2008 a7 aa000059318 a21747-A a21748-A a21749-A a21752-A a59319-A a59320-A a59321-A a59322-A a59323-a a21748-a a21747-A a21749-A a21752-A a59319-A a59320-A a59321-A a59322-A a59323-a a21748-a a21747-A a21749-A a21752-A a59319-A a59320-A a59321-A a59322-A a59323-a a21748-a a21747-A a21749-A a21752-A a59319-A a59320-A a59321-A a59322-A a59323-a a59320-A a21747-A a21748-a a21749-A a21752-A a59319-A a59321-A a59322-A a59323-a a59322-A a21747-A a21748-a a21749-A a21752-A a59319-A a59320-A a59321-A a59323-a a21747-A a21748-a a21749-A a21752-A a59319-A a59320-A a59321-A a59322-A a59323-a a59321-A a21747-A a21748-a a21749-A a21752-A a59319-A a59320-A a59322-A a59323-a